000 00615nam a2200169 i 4500
001 156493
003 ES-MaACL
005 20230906210425.0
008 051018s1873 fr | |||||||| ||fre d
040 _aCAM
_bspa
_cCAM
245 0 0 _aBibliothèque de feu M.A.-C. Judas
_b: livres orientaux, inscriptions phéniciennes...
260 _aParis :
_bErnest Leroux,
_c1873 (
_fTyp. Rouge frères et Comp.)
300 _a50 p. ;
_c20 cm.
650 0 4 _aLibros-
_vCatálogos de subastas.
_914429
700 1 _aJudas, Auguste Célestin.
_9137884
852 _aES-MaACL
_jT-160-F-14
_z-- Enc. hol.
_z-- Enc. en un vol. facticio
999 _c156493
_d156493